000 00300nam a22001337a 4500
008 171208b xxu||||| |||| 00| 0 eng d
020 _a9780471310648
041 _aeng
080 _a621
100 _a27
101 _aMEK
245 _aAPPLIED MULTIVARIATE TECHNIQUES
_cSHARMA, S
942 _2udc
_cBK
999 _c38839
_d38839